Introducción al conocimiento de la flora de España / (Record no. 26525)

MARC details
000 -LEADER
campo de control de longitud fija 00521nam a2200169 i 4500
001 - NÚMERO DE CONTROL
campo de control 26525
003 - IDENTIFICADOR DE NÚMERO DE CONTROL
campo de control ES-MaACL
005 - FECHA Y HORA DE LA ÚLTIMA TRANSACCIÓN
campo de control 20230906153445.0
007 - CAMPO FIJO DE DESCRIPCIÓN FÍSICA--INFORMACIÓN GENERAL
campo de control de longitud fija t|
008 - DATOS DE LONGITUD FIJA--INFORMACIÓN GENERAL
campo de control de longitud fija 030109s1966 sp a |||| | spa d
100 1# - ENTRADA PRINCIPAL--NOMBRE DE PERSONA
Nombre de persona Arévalo y Carretero, Celso.
9 (RLIN) 22669
245 10 - MENCIÓN DEL TÍTULO
Título Introducción al conocimiento de la flora de España /
Mención de responsabilidad, etc. por Celso Arévalo y Carretero.
260 ## - PUBLICACIÓN, DISTRIBUCIÓN, ETC.
Lugar de publicación, distribución, etc. [Oviedo :
Nombre del editor, distribuidor, etc. s.n.,
Fecha de publicación, distribución, etc. 1966] (
Fabricante Imp. Cruz)
300 ## - DESCRIPCIÓN FÍSICA
Extensión 231 p. :
Otras características físicas il. ;
Dimensiones 18 cm.
650 #4 - PUNTO DE ACCESO ADICIONAL DE MATERIA--TÉRMINO DE MATERIA
Término de materia o nombre geográfico como elemento de entrada Flora-
Subdivisión geográfica España.
9 (RLIN) 152605
852 ## - LOCALIZACIÓN
Ubicación ES-MaACL
Número de control de estantería C-31396
Holdings
Estatus retirado Estado de pérdida Estado de daño No para préstamo Biblioteca de origen Biblioteca actual Ubicación en estantería Fecha de adquisición Fuente de adquisición Total de préstamos Signatura topográfica completa Código de barras Visto por última vez Precio de reemplazo Tipo de ítem Koha
        Biblioteca del Ateneo de Madrid Biblioteca del Ateneo de Madrid Depósito 2 17/01/2008     C-31396 1027376 23/02/2023 23/02/2023 Libro impreso